000 00657nam a2200205Ia 4500
005 20241129110148.0
008 241129s9999||||xx |||||||||||||| ||und||
037 _aTB
040 _aARTS
_bpun
_cARTS
041 _apun
_2pun
084 _aO153,6x Q5;R2
_qARTS
100 _aਕੰਵਲਜੀਤ, ਥਦ।
245 0 _aਅਮਿਤੋਜ ਹਾਜ਼ਿਰ ਹੈ
_cਕੰਵਲਜੀਤ, ਥਦ।
260 _aਪਟਿਆਲਾ, ਭਾਰਤ
_bਪਟਿਆਲਾ ਅੰਟਮ ਆਰਟ
_c2023
300 _a167ਪ੍ਰ0
365 _aINR
_b295
650 _aPunjabi Prose
942 _cTB
_hO153,6x Q5;R2
999 _c1227546
_d1227546